| 000 | 00467nam a22001577a 4500 | ||
|---|---|---|---|
| 005 | 20240314161112.0 | ||
| 008 | 240314b ||||| |||| 00| 0 eng d | ||
| 040 | _cAL | ||
| 041 | _aeng | ||
| 082 |
_223 _a658.8 _bEFFE |
||
| 100 |
_aArun Augustine K _9154414 |
||
| 245 | _aEffectiveness of the distribution Policies of Paragon Rubbers Pvt Ltd Kottayam | ||
| 260 |
_aMangalore _bSt Aloysius College _c2002 |
||
| 700 |
_aAUGUSTINE (Arun K) _9154331 |
||
| 942 |
_2ddc _cPRO |
||
| 999 |
_c230340 _d230340 |
||